Genetic analysis of somatic embryo-derived plants of Hevea brasiliensis (clone RRII 105) using RAPD markers (Record no. 48807)

MARC details
000 -LEADER
fixed length control field 00678nam a2200241Ia 4500
100 ## - MAIN ENTRY--AUTHOR NAME
Personal name Jayasree P K
245 #0 - TITLE STATEMENT
Title Genetic analysis of somatic embryo-derived plants of Hevea brasiliensis (clone RRII 105) using RAPD markers
260 ## - PUBLICATION, DISTRIBUTION, ETC. (IMPRINT)
Name of publisher Natural Rubber Research
Year of publication 2010
300 ## - PHYSICAL DESCRIPTION
Number of Pages 20-27
650 ## - SUBJECT ADDED ENTRY--TOPICAL TERM
Topical Term Genetic stability
650 ## - SUBJECT ADDED ENTRY--TOPICAL TERM
Topical Term Hevea brasiliensis
650 ## - SUBJECT ADDED ENTRY--TOPICAL TERM
Topical Term Polymorphism
650 ## - SUBJECT ADDED ENTRY--TOPICAL TERM
Topical Term RAPD markers
650 ## - SUBJECT ADDED ENTRY--TOPICAL TERM
Topical Term Somatic embryogenesis
700 ## - ADDED ENTRY--PERSONAL NAME
Personal name Jayashree R
700 ## - ADDED ENTRY--PERSONAL NAME
Personal name Kala R G
700 ## - ADDED ENTRY--PERSONAL NAME
Personal name Rekha K
700 ## - ADDED ENTRY--PERSONAL NAME
Personal name Sajeevan R S
700 ## - ADDED ENTRY--PERSONAL NAME
Personal name Supriya R
700 ## - ADDED ENTRY--PERSONAL NAME
Personal name Thulaseedharan A
942 ## - ADDED ENTRY ELEMENTS (KOHA)
Koha item type Bibliography STAF
Holdings
Withdrawn status Lost status Damaged status Not for loan Home library Current library Shelving location Date acquired Serial Enumeration / chronology Koha item type
      Bibliography RRII Library RRII Library Biotechnology 29/11/2011 Volume 23, Issue 1&2 Bibliography STAF